000 00560nam a2200193Ia 4500
005 20260114185650.0
008 008 260114s9999 xx 000 0 eng d
020 _a9781472599919
037 _aEBOOK
040 _aCRL
_beng
_cCRL
041 _aeng
_2eng
084 _qCRL
100 _aMarcus K. Harmes
_9872872
245 0 _aBishops and Power in Early Modern England
260 _bBloomsbury
_c2013
856 _uhttps://doi.org/10.5040/9781472599919?locatt=label:secondary_bloomsburyCollections
942 _cEBOOK
999 _c1471820
_d1471820